00329nam a2200133Ia 4500008004100000020001500041041001200056082001600068100002000084245002100104260004800125300000800173650001400181221030s9999 xx 000 0 und d a8122407884 aEnglish a105.23bRav aD. Ravichandran 0aProgramming in C bNew Age International Pub.aNew Delhic2002 a400 aComputers